| 000 | 00428nam a22001577a 4500 | ||
|---|---|---|---|
| 020 | _a0-471-12466-4 | ||
| 082 |
_a627 _bROB |
||
| 100 |
_aRoberson John A, _93088 |
||
| 245 |
_aHydraulic Engineering/ _cRoberson John A |
||
| 250 | _a2nd volumn, | ||
| 260 |
_aNew York: _bJohn Wiley & Sons, Inc _c1997. |
||
| 300 |
_a653p.: _bill,; _c20 cm. |
||
| 526 |
_a0 _b0 _c0 _d627_000000000000000_ROB |
||
| 650 |
_aMCE _9379 |
||
| 942 |
_2ddc _cBK |
||
| 999 |
_c547798 _d547798 |
||